[Event "MDA-ch FL op"]
[Site "Kishinev"]
[Date "2015.12.06"]
[Round "2"]
[White "Ianocichin, Victor"]
[Black "Cerbulenco, Liviu"]
[Result "0-1"]
[WhiteElo "2194"]
[BlackElo "2316"]
[PlyCount "86"]
[EventDate "2015.12.05"]
[EventType "swiss"]
[EventRounds "9"]
[EventCountry "MDA"]
[SourceTitle "EXT 2022"]
[Source "ChessBase"]
[SourceDate "2021.10.06"]
[SourceVersion "1"]
[SourceVersionDate "2021.10.06"]
[SourceQuality "1"]

1. e4 c5 2. Nf3 d6 3. d4 cxd4 4. Nxd4 Nf6 5. Nc3 a6 6. h3 e5 7. Nde2 h5 8. g3 Be7 9. Bg2 Be6 10. 0-0 Nbd7 11. Be3 Rc8 12. a4 Nb6 13. b3 d5 14. Bxb6 Qxb6 15. a5 Qd6 16. Nxd5 Nxd5 17. exd5 Bd7 18. c4 h4 19. g4 0-0 20. Nc3 f5 21. gxf5 Bxf5 22. Ne4 Bxe4 23. Bxe4 Rf4 24. Qe2 Rcf8 25. f3 Qd7 26. Kh2 Bc5 27. Qg2 R8f6 28. Rab1 Qe7 29. b4 Bxb4 30. d6 Qxd6 31. Rg1 g6 32. Bxg6 e4 33. Bh7+ Kf8 34. Qg7+ Ke8 35. Bg6+ Kd8 36. Rgd1 Rxf3+ 37. Rxd6+ Bxd6+ 38. Kg2 Rg3+ 39. Kh1 Rxh3+ 40. Kg2 Rg3+ 41. Kh1 Rfxg6 42. Qh8+ Kc7 43. Qh7+ Rg7 0-1

[Event "Balti Hohlov Memorial"]
[Site "Balti"]
[Date "2015.01.06"]
[Round "8"]
[White "Matviishen, Viktor"]
[Black "Ianocichin, Victor"]
[Result "1-0"]
[WhiteElo "2364"]
[BlackElo "2152"]
[PlyCount "65"]
[EventDate "2015.01.02"]
[EventType "tourn"]
[EventRounds "9"]
[EventCountry "MDA"]
[EventCategory "1"]
[SourceTitle "CBM 164 Extra"]
[Source "ChessBase"]
[SourceDate "2015.03.02"]
[SourceVersion "1"]
[SourceVersionDate "2015.03.02"]
[SourceQuality "1"]

1. d4 d5 2. c4 c6 3. cxd5 cxd5 4. Nc3 Nc6 5. Bf4 Nf6 6. e3 a6 7. Nf3 Bf5 8. Ne5 e6 9. Qa4 Rc8 10. Nxc6 Qd7 11. Be2 Qxc6 12. Qb3 Be7 13. 0-0 0-0 14. a4 Rfd8 15. Rfc1 Qd7 16. a5 Rc6 17. Na4 Rxc1+ 18. Rxc1 Rc8 19. Rc3 Rxc3 20. bxc3 h6 21. f3 Bg6 22. Nb6 Qc6 23. c4 dxc4 24. Bxc4 Bd8 25. h3 Bxb6 26. axb6 Nd7 27. Bc7 Kh7 28. Kh2 h5 29. e4 Nf6 30. Qb4 Ne8 31. Qc5 a5 32. Qxc6 bxc6 33. b7 1-0

[Event "Balti Hohlov Memorial"]
[Site "Balti"]
[Date "2015.01.05"]
[Round "7"]
[White "Ianocichin, Victor"]
[Black "Itkis, Boris"]
[Result "0-1"]
[WhiteElo "2152"]
[BlackElo "2346"]
[PlyCount "76"]
[EventDate "2015.01.02"]
[EventType "tourn"]
[EventRounds "9"]
[EventCountry "MDA"]
[EventCategory "1"]
[SourceTitle "CBM 164 Extra"]
[Source "ChessBase"]
[SourceDate "2015.03.02"]
[SourceVersion "1"]
[SourceVersionDate "2015.03.02"]
[SourceQuality "1"]

1. e4 c5 2. Nf3 d6 3. d4 cxd4 4. Nxd4 Nf6 5. Nc3 Nc6 6. h3 g6 7. g3 Nxd4 8. Qxd4 Bg7 9. Bg2 0-0 10. 0-0 Be6 11. Qd3 Qc8 12. Nd5 Nxd5 13. exd5 Bxh3 14. Re1 Bxg2 15. Kxg2 Re8 16. c3 Qc7 17. Bg5 Rac8 18. Re4 e5 19. dxe6 Rxe6 20. Rxe6 fxe6 21. Qe3 Qc6+ 22. Kg1 Qd5 23. Re1 Re8 24. a3 a6 25. Bh6 Qe5 26. Qxe5 Bxe5 27. Rd1 d5 28. Kg2 Kf7 29. Be3 Rc8 30. Rd2 Rc4 31. Bb6 h5 32. Re2 Bf6 33. Rd2 Ke7 34. Bd4 e5 35. Bb6 Kd6 36. Kf3 g5 37. Kg2 Kc6 38. Ba5 e4 0-1

[Event "Balti Hohlov Memorial"]
[Site "Balti"]
[Date "2015.01.03"]
[Round "3"]
[White "Fedotov, Eduard"]
[Black "Ianocichin, Victor"]
[Result "1/2-1/2"]
[WhiteElo "2198"]
[BlackElo "2152"]
[PlyCount "70"]
[EventDate "2015.01.02"]
[EventType "tourn"]
[EventRounds "9"]
[EventCountry "MDA"]
[EventCategory "1"]
[SourceTitle "CBM 164 Extra"]
[Source "ChessBase"]
[SourceDate "2015.03.02"]
[SourceVersion "1"]
[SourceVersionDate "2015.03.02"]
[SourceQuality "1"]

1. e4 e5 2. Nf3 Nc6 3. Nc3 Nf6 4. d4 exd4 5. Nxd4 Bb4 6. Nxc6 bxc6 7. Bd3 d5 8. exd5 cxd5 9. 0-0 0-0 10. Bf4 Bxc3 11. bxc3 Re8 12. Re1 c5 13. Rxe8+ Qxe8 14. c4 dxc4 15. Bxc4 Be6 16. Bd3 c4 17. Bf1 Rd8 18. Qe2 Qa4 19. Bg5 Qb5 20. Bxf6 gxf6 21. c3 Qe5 22. Qxe5 fxe5 23. Re1 f6 24. f4 Rd2 25. fxe5 Kf7 26. exf6 Kxf6 27. Re2 Rd1 28. Rb2 Rc1 29. Rb7 Rxc3 30. Rxa7 Rc2 31. Rxh7 c3 32. Rc7 Ke5 33. Bd3 Rc1+ 34. Kf2 Kd4 35. Bg6 Ra1 1/2-1/2

[Event "Kishinev op"]
[Site "Kishinev"]
[Date "2014.01.18"]
[Round "1"]
[White "Ianocichin, Victor"]
[Black "Cheptini, Dan"]
[Result "1-0"]
[WhiteElo "2146"]
[BlackElo "1544"]
[PlyCount "41"]
[EventDate "2014.01.18"]
[EventType "swiss"]
[EventRounds "9"]
[EventCountry "MDA"]
[SourceTitle "EXT 2016"]
[Source "ChessBase"]
[SourceDate "2015.10.08"]
[SourceVersion "1"]
[SourceVersionDate "2015.10.08"]
[SourceQuality "1"]

1. e4 e5 2. Nf3 Nc6 3. Bc4 Nf6 4. d3 Be7 5. c3 0-0 6. Bb3 d6 7. Nbd2 Bg4 8. Nf1 Qd7 9. Ng3 Kh8 10. h3 Bh5 11. Nxh5 Nxh5 12. d4 exd4 13. cxd4 Nf6 14. Bc2 Nb4 15. Bb1 Rae8 16. 0-0 Bd8 17. e5 Nfd5 18. Qb3 Qe6 19. a3 Nc6 20. Ba2 Nb6 21. d5 1-0

[Event "Kishinev Ghimpu Memorial op"]
[Site "Kishinev"]
[Date "2012.11.10"]
[Round "3"]
[White "Ianocichin, Victor"]
[Black "Soltanici, Ruslan"]
[Result "0-1"]
[WhiteElo "2139"]
[BlackElo "2401"]
[PlyCount "68"]
[EventDate "2012.11.09"]
[EventType "swiss"]
[EventRounds "9"]
[EventCountry "MDA"]
[SourceTitle "EXT 2014"]
[Source "ChessBase"]
[SourceDate "2013.11.20"]
[SourceVersion "1"]
[SourceVersionDate "2013.11.20"]
[SourceQuality "1"]

1. e4 c5 2. Nf3 d6 3. d4 cxd4 4. Nxd4 Nf6 5. Nc3 a6 6. h3 e5 7. Nde2 h5 8. Bg5 Be7 9. g3 Nbd7 10. Bg2 b5 11. Nd5 Nxd5 12. Qxd5 Rb8 13. Bxe7 Qxe7 14. 0-0-0 Rb6 15. Nc3 Bb7 16. Qd2 h4 17. Nd5 Bxd5 18. exd5 0-0 19. g4 f5 20. gxf5 Rxf5 21. Be4 Rf4 22. Qe3 Nc5 23. Bg2 Rb8 24. Rd2 Qf6 25. Kb1 b4 26. Rf1 a5 27. Bh1 a4 28. Rc1 Rf8 29. Rf1 Qg6 30. Re2 b3 31. Qc3 Rxf2 32. Rexf2 Rxf2 33. Rc1 Qf5 34. axb3 axb3 0-1

[Event "Kishinev Ghimpu Memorial op"]
[Site "Kishinev"]
[Date "2012.11.10"]
[Round "4"]
[White "Macovei, Andrei"]
[Black "Ianocichin, Victor"]
[Result "0-1"]
[WhiteElo "1748"]
[BlackElo "2139"]
[PlyCount "60"]
[EventDate "2012.11.09"]
[EventType "swiss"]
[EventRounds "9"]
[EventCountry "MDA"]
[SourceTitle "EXT 2014"]
[Source "ChessBase"]
[SourceDate "2013.11.20"]
[SourceVersion "1"]
[SourceVersionDate "2013.11.20"]
[SourceQuality "1"]

1. e4 c5 2. Nf3 d6 3. d4 cxd4 4. Nxd4 Nf6 5. Nc3 a6 6. Be3 e5 7. Nb3 Be6 8. Qd2 Nbd7 9. f3 h5 10. Qf2 b5 11. 0-0-0 Rb8 12. Kb1 Qc7 13. Rg1 Nb6 14. Bxb6 Rxb6 15. Be2 Rb8 16. f4 Rc8 17. Rd2 b4 18. Nd5 Bxd5 19. exd5 Ne4 20. Qe3 Nxd2+ 21. Qxd2 Qb6 22. Re1 Be7 23. fxe5 dxe5 24. Bf3 Qc7 25. Nc1 f5 26. d6 Qxd6 27. Qe2 e4 28. Bxh5+ g6 29. Bg4 fxg4 30. Qxg4 Qc6 0-1

[Event "Kishinev Independence Cup"]
[Site "Kishinev"]
[Date "2008.08.17"]
[Round "11"]
[White "Baltag, Iulian"]
[Black "Ianocichin, Victor"]
[Result "1-0"]
[WhiteElo "2342"]
[BlackElo "2251"]
[PlyCount "53"]
[EventDate "2008.08.08"]
[EventType "tourn"]
[EventRounds "11"]
[EventCountry "MDA"]
[SourceTitle "EXT 2010"]
[Source "ChessBase"]
[SourceDate "2010.11.25"]
[SourceVersion "1"]
[SourceVersionDate "2010.11.25"]
[SourceQuality "1"]

1. e4 c5 2. Nf3 d6 3. d4 cxd4 4. Nxd4 Nf6 5. f3 e5 6. Bb5+ Bd7 7. Bxd7+ Qxd7 8. Nf5 d5 9. Bg5 dxe4 10. Bxf6 gxf6 11. fxe4 Qb5 12. Nc3 Qc6 13. Nd5 Nd7 14. Qe2 Rc8 15. c3 Qc4 16. Qf3 Rc6 17. Rd1 Rg8 18. b3 Qc5 19. Qd3 Qa5 20. Nb6 Qxc3+ 21. Qxc3 Rxc3 22. Nxd7 Be7 23. Nd6+ Bxd6 24. Nxf6+ Kf8 25. Nxg8 Bb4 26. Rd8+ Kg7 27. 0-0 1-0

[Event "Kishinev Independence Cup"]
[Site "Kishinev"]
[Date "2008.08.15"]
[Round "9"]
[White "Partac, Elena"]
[Black "Ianocichin, Victor"]
[Result "1/2-1/2"]
[WhiteElo "2138"]
[BlackElo "2251"]
[PlyCount "44"]
[EventDate "2008.08.08"]
[EventType "tourn"]
[EventRounds "11"]
[EventCountry "MDA"]
[SourceTitle "EXT 2010"]
[Source "ChessBase"]
[SourceDate "2010.11.25"]
[SourceVersion "1"]
[SourceVersionDate "2010.11.25"]
[SourceQuality "1"]

1. e4 c5 2. Nc3 Nc6 3. g3 g6 4. Bg2 Bg7 5. d3 d6 6. Be3 e6 7. Qd2 Qa5 8. Nh3 Nge7 9. Nf4 Nd4 10. 0-0 Nec6 11. Nh3 Ne5 12. Qd1 h5 13. f3 b5 14. Ne2 Ba6 15. Nxd4 cxd4 16. Bxd4 Nxf3+ 17. Qxf3 Bxd4+ 18. Kh1 0-0 19. c3 Bg7 20. a3 e5 21. g4 hxg4 22. Qxg4 Bc8 1/2-1/2

[Event "Kishinev Independence Cup"]
[Site "Kishinev"]
[Date "2008.08.14"]
[Round "8"]
[White "Ianocichin, Victor"]
[Black "Romcovici, Victor"]
[Result "1-0"]
[WhiteElo "2251"]
[BlackElo "2222"]
[PlyCount "79"]
[EventDate "2008.08.08"]
[EventType "tourn"]
[EventRounds "11"]
[EventCountry "MDA"]
[SourceTitle "EXT 2010"]
[Source "ChessBase"]
[SourceDate "2010.11.25"]
[SourceVersion "1"]
[SourceVersionDate "2010.11.25"]
[SourceQuality "1"]

1. e4 e5 2. Nf3 d6 3. d4 exd4 4. Nxd4 g6 5. Nc3 Bg7 6. Be3 Nf6 7. Qd2 Nc6 8. 0-0-0 0-0 9. f3 Re8 10. Bc4 a6 11. Rhe1 Na5 12. Bf1 b5 13. Nd5 c5 14. Bg5 cxd4 15. Nxf6+ Bxf6 16. Bxf6 Qxf6 17. Qxa5 Be6 18. Kb1 d5 19. e5 Qf4 20. h3 Bf5 21. Qd2 Qg3 22. Qxd4 Rac8 23. Re2 Rc4 24. Qf2 Qg5 25. Red2 Rc6 26. g4 Bc8 27. f4 Qe7 28. Bg2 Qc7 29. Bxd5 Rc5 30. Bb3 a5 31. a4 bxa4 32. Bxa4 Rf8 33. Rd6 Rc4 34. Bb3 Rb4 35. f5 g5 36. Qd2 Rf4 37. Rd8 Qxe5 38. Rxf8+ Kxf8 39. Qd8+ Qe8 40. Qxg5 1-0

[Event "Tiraspol Lutikov Memorial"]
[Site "Tiraspol"]
[Date "2007.03.26"]
[Round "5"]
[White "Khamitskiy, Sergei"]
[Black "Ianocichin, Victor"]
[Result "1-0"]
[WhiteElo "2345"]
[BlackElo "2220"]
[PlyCount "49"]
[EventDate "2007.03.23"]
[EventType "tourn"]
[EventRounds "9"]
[EventCountry "MDA"]
[EventCategory "1"]
[SourceTitle "EXT 2010"]
[Source "ChessBase"]
[SourceDate "2010.11.25"]
[SourceVersion "1"]
[SourceVersionDate "2010.11.25"]
[SourceQuality "1"]

1. d4 Nf6 2. c4 g6 3. Nc3 Bg7 4. e4 d6 5. Nf3 0-0 6. h3 Nc6 7. Bg5 e5 8. dxe5 dxe5 9. Qxd8 Rxd8 10. Nd5 Nxd5 11. Bxd8 Ndb4 12. 0-0-0 Bxh3 13. Rxh3 Nxd8 14. a3 Nbc6 15. c5 a5 16. Bc4 Bf8 17. Rd5 Ne6 18. Rd7 Be7 19. Bd5 Nxc5 20. Bxc6 Nxd7 21. Bxd7 Bc5 22. Nxe5 Bxf2 23. Rf3 f6 24. Ng4 Bd4 25. Nxf6+ 1-0

[Event "Wch U16"]
[Site "Heraklion"]
[Date "2002.11.24"]
[Round "11"]
[White "Adly, Ahmed"]
[Black "Ianocichin, Victor"]
[Result "1-0"]
[WhiteElo "2294"]
[BlackElo "2221"]
[PlyCount "81"]
[EventDate "2002.11.15"]
[EventType "swiss"]
[EventRounds "11"]
[EventCountry "GRE"]
[SourceTitle "CBM 091 Extra"]
[Source "ChessBase"]
[SourceDate "2003.01.09"]
[SourceVersion "1"]
[SourceVersionDate "2003.01.09"]
[SourceQuality "1"]

1. d4 Nf6 2. c4 g6 3. Nc3 Bg7 4. g3 d6 5. Bg2 Nbd7 6. e3 0-0 7. Nge2 e5 8. 0-0 a5 9. b3 Re8 10. h3 Rb8 11. g4 h5 12. g5 Nh7 13. f4 exf4 14. exf4 Ndf8 15. Kh2 Ne6 16. h4 c5 17. Nb5 Nc7 18. Nxc7 Qxc7 19. Bb2 b5 20. Ng3 bxc4 21. f5 Bb7 22. f6 Bxg2 23. Kxg2 Bh8 24. d5 Nf8 25. Bc3 cxb3 26. axb3 Qb7 27. Ra3 Re3 28. Rf3 Rbe8 29. Rxa5 Rxc3 30. Rxc3 Qb4 31. Qa1 Qd4 32. Rf3 Qd2+ 33. Kh3 Re1 34. Qc3 Qxd5 35. Qxe1 Qxf3 36. Qe8 Qg4+ 37. Kg2 Qe6 38. Ra8 Qd5+ 39. Kh2 Qd2+ 40. Kh3 Qh2+ 41. Kxh2 1-0

[Event "Moscow Youth Games U16"]
[Site "Moscow"]
[Date "2002.06.23"]
[Round "6"]
[White "Kosov, Alexey"]
[Black "Ianocichin, Victor"]
[Result "0-1"]
[WhiteElo "2280"]
[BlackElo "2221"]
[PlyCount "106"]
[EventDate "2002.06.18"]
[EventType "swiss"]
[EventRounds "7"]
[EventCountry "RUS"]
[SourceTitle "CBM 088 Extra"]
[Source "ChessBase"]
[SourceDate "2002.07.01"]
[SourceVersion "2"]
[SourceVersionDate "2002.07.01"]
[SourceQuality "1"]

1. e4 c5 2. Nf3 d6 3. d4 cxd4 4. Nxd4 Nf6 5. Nc3 a6 6. Bg5 e6 7. f4 Be7 8. Qf3 Qc7 9. 0-0-0 Nbd7 10. g4 b5 11. Bxf6 Nxf6 12. g5 Nd7 13. f5 Ne5 14. Qh5 g6 15. Qh3 b4 16. Nce2 Bxg5+ 17. Kb1 Qe7 18. Qb3 Bb7 19. fxe6 Bxe4 20. Qa4+ Kf8 21. Rg1 Be3 22. Rg3 Bf2 23. Bg2 Bxg2 24. Rxg2 Bxd4 25. Nxd4 fxe6 26. Qb3 Re8 27. Rf1+ Kg7 28. Rgf2 a5 29. Qh3 h5 30. Rf6 Qxf6 31. Rxf6 Kxf6 32. c3 Re7 33. cxb4 axb4 34. Nb5 Rd7 35. Qh4+ g5 36. Qxb4 d5 37. Qd4 h4 38. Nc3 Rc8 39. Qf2+ Ke7 40. Qe3 Nf7 41. Nb5 e5 42. a4 d4 43. Qd3 g4 44. a5 g3 45. hxg3 hxg3 46. Qxg3 d3 47. Qh4+ Ke8 48. Qg4 d2 49. Qe6+ Kd8 50. Qb6+ Ke7 51. Nc3 Rxc3 52. Qb4+ Rd6 53. bxc3 d1Q+ 0-1

[Event "Moscow Youth Games U16"]
[Site "Moscow"]
[Date "2002.06.22"]
[Round "5"]
[White "Ilarionovs, Dmitrijs"]
[Black "Ianocichin, Victor"]
[Result "1-0"]
[WhiteElo "2190"]
[BlackElo "2221"]
[PlyCount "91"]
[EventDate "2002.06.18"]
[EventType "swiss"]
[EventRounds "7"]
[EventCountry "RUS"]
[SourceTitle "CBM 088 Extra"]
[Source "ChessBase"]
[SourceDate "2002.07.01"]
[SourceVersion "2"]
[SourceVersionDate "2002.07.01"]
[SourceQuality "1"]

1. Nf3 c5 2. c4 Nc6 3. d4 cxd4 4. Nxd4 Nf6 5. Nc3 g6 6. e4 d6 7. Be2 Bg7 8. Be3 0-0 9. 0-0 a6 10. Qd2 Bd7 11. Rac1 Rc8 12. f3 Nh5 13. Nb3 Nf6 14. Nd5 Nxd5 15. cxd5 Ne5 16. Na5 b6 17. Nb7 Qe8 18. Bxb6 Rb8 19. Rc7 Bc8 20. Bxa6 Qa4 21. Qe2 Bxb7 22. Bxb7 Qb4 23. Qa6 Nd3 24. Be3 Nxb2 25. Qb6 Qa4 26. Qa7 Qb4 27. Rb1 Bf6 28. Qb6 Qa3 29. Qb3 Qa5 30. Rc2 Na4 31. Qb5 Qxb5 32. Rxb5 Nc5 33. Bxc5 dxc5 34. a4 e6 35. a5 exd5 36. exd5 Rxb7 37. Rxb7 Ra8 38. Rb5 Bd4+ 39. Kf1 Kf8 40. Ke2 Ke7 41. Kd3 Kd6 42. Kc4 Kc7 43. Re2 f5 44. Re7+ Kd6 45. Rxh7 Re8 46. f4 1-0

[Event "Wch U16"]
[Site "Oropesa del Mar"]
[Date "2001.10.21"]
[Round "1"]
[White "Alekseev, Evgeny V"]
[Black "Ianocichin, Victor"]
[Result "1-0"]
[WhiteElo "2548"]
[BlackElo "2180"]
[PlyCount "56"]
[EventDate "2001.10.21"]
[EventType "swiss"]
[EventRounds "11"]
[EventCountry "ESP"]
[SourceTitle "EXT 2002"]
[Source "ChessBase"]
[SourceDate "2001.11.25"]
[SourceVersion "1"]
[SourceVersionDate "2001.11.25"]
[SourceQuality "1"]

1. e4 c5 2. Nf3 e6 3. d4 cxd4 4. Nxd4 Nf6 5. Nc3 Nc6 6. Ndb5 Bb4 7. a3 Bxc3+ 8. Nxc3 d5 9. exd5 exd5 10. Bd3 0-0 11. 0-0 d4 12. Ne2 Re8 13. Bg5 h6 14. Bh4 a6 15. Re1 g5 16. Bg3 Ne4 17. Nxd4 Qxd4 18. c3 Bg4 19. cxd4 Bxd1 20. Bxe4 Bb3 21. d5 Nd4 22. d6 Nc2 23. Bxc2 Bxc2 24. f3 Ba4 25. Rac1 f5 26. Be5 Bc6 27. Kf2 Rad8 28. Rc5 Kf8 1-0

[Event "Kishinev ULIM Cup"]
[Site "Kishinev"]
[Date "2001.10.08"]
[Round "2"]
[White "Romcovici, Victor"]
[Black "Ianocichin, Victor"]
[Result "1-0"]
[WhiteElo "2341"]
[BlackElo "2180"]
[PlyCount "57"]
[EventDate "2001.10.07"]
[EventType "swiss"]
[EventRounds "9"]
[EventCountry "MDA"]
[SourceTitle "EXT 2002"]
[Source "ChessBase"]
[SourceDate "2001.11.25"]
[SourceVersion "1"]
[SourceVersionDate "2001.11.25"]
[SourceQuality "1"]

1. d4 g6 2. e4 Bg7 3. Nc3 d6 4. f4 Nf6 5. Be2 0-0 6. g4 e5 7. g5 Nfd7 8. dxe5 dxe5 9. f5 Re8 10. fxg6 hxg6 11. Be3 Nc6 12. Qd2 Nd4 13. 0-0-0 Nc5 14. Kb1 c6 15. h4 b5 16. Bd3 Bg4 17. Nce2 a5 18. Rf1 Qd7 19. Ng3 Red8 20. h5 Nxc2 21. Bxc5 Qxd3 22. Qxc2 Qxg3 23. hxg6 fxg6 24. Nf3 Be6 25. Be7 Rdc8 26. Rhg1 Qh3 27. Qc5 Bc4 28. Rf2 Qe6 29. Bf6 1-0

[Event "Artek ol U16"]
[Site "Artek"]
[Date "2000.09.14"]
[Round "4"]
[White "Areshchenko, Alexander"]
[Black "Ianocichin, Victor"]
[Result "1-0"]
[WhiteElo "2328"]
[BlackElo "2200"]
[PlyCount "83"]
[EventDate "2000.09.??"]
[EventType "team"]
[EventRounds "9"]
[EventCountry "UKR"]
[SourceTitle "CBM 078 Extra"]
[Source "ChessBase"]
[SourceDate "2000.11.10"]
[SourceVersion "1"]
[SourceVersionDate "2000.11.10"]
[SourceQuality "1"]

1. e4 c5 2. Nf3 e6 3. d4 cxd4 4. Nxd4 Nf6 5. Nc3 Nc6 6. Ndb5 Bb4 7. a3 Bxc3+ 8. Nxc3 d5 9. exd5 exd5 10. Bd3 0-0 11. 0-0 d4 12. Ne2 Re8 13. Bg5 Qd6 14. h3 Ne4 15. Bf4 Qf6 16. Bb5 Rd8 17. f3 Nc5 18. Qd2 h6 19. Bc7 Rd7 20. Bh2 d3 21. Nc3 dxc2 22. Qxc2 Nd4 23. Qf2 Nxb5 24. Nxb5 Ne6 25. Nxa7 Qg5 26. Rfd1 Rxd1+ 27. Rxd1 Qa5 28. Nxc8 Rxc8 29. Bd6 Rd8 30. Rd2 Qg5 31. Bb4 Rc8 32. Bc3 Nf4 33. h4 Qg6 34. Kh2 Qh5 35. g3 Ne6 36. Qe3 Qb5 37. Qe5 Qf1 38. Qe2 Qb1 39. Rd7 Nc5 40. Qe5 Qc2+ 41. Rd2 Qh7 42. Qxc5 1-0